Sports Quiz

Random Sports Quiz

England goalscorers Quiz Stats

Quiz not verified by Sporcle

Challenge
Share
Tweet
Embed
Score 0/10 Timer 05:00
0 Plays Today
goals player % Correct
40Michael Owen
94.9%
30 Alan Shearer
88.9%
49Bobby Charlton
87.9%
48Gary Lineker
81.8%
44Jimmy Greaves
55.6%
27David Platt
27.3%
30Sir Tom Finney
26.3%
30Nat Lofthouse
22.2%
28Steve Bloomer
4%
29Viv Woodward
3%

You're not logged in!

Compare scores with friends on all Sporcle quizzes.
Sign Up with Email
OR
Log In

You Might Also Like...

Show Comments

Extras

Top Quizzes Today


Score Distribution

Your Account Isn't Verified!

In order to create a playlist on Sporcle, you need to verify the email address you used during registration. Go to your Sporcle Settings to finish the process.

Report this User

Report this user for behavior that violates our Community Guidelines.

Details: